000 00243nmm a2200085Ia 4500
008 220120s9999||||xx |||||||||||||||||und||
100 _aBowles, Joseph, E
245 0 _aFoundations analysis and design
260 _aPearson education of asia
_bDenmark
999 _c140016
_d140016